OS/JS jazyk riadenia

Uložené v:
Podrobná bibliografia
Médium: Kniha
Jazyk:Slovak
Vydavateľské údaje: Bratislava Datasystém 1981
Vydanie:2. vyd.
Tagy: Pridať tag
Žiadne tagy, Buďte prvý, kto otaguje tento záznam!

MARC

LEADER 00000nam a2200000 4500
001 c134744
005 20041019155302.1
041 0 |a slo 
044 |a SK 
245 1 0 |a OS/JS  |b jazyk riadenia 
250 |a 2. vyd. 
264 1 |a Bratislava  |b Datasystém  |c 1981 
300 |a 361 s.